000 00915ntm a2200265 a 4500
999 _c6833
_d6833
001 6833
003 UkOxU
005 20180130192912.0
008 000621s1956 enk 000 d eng d
035 _a(BD-JhCC)
040 _aUkOxU
_cUkOxU
_dBD-JhCC
041 _aeng
082 _a823
_bHER 1426
100 1 _aHerbert, A. P.
_q(Alan Patrick),
_d1890-1971.
245 1 4 _aThe water Gipsies :
_ba play with music founded on the novel of the same name /
_cbook and lyrics by A.P. Herbert, music by Vivian Ellis.
260 _a[S.l.] :
_b[s.n.],
_c1956.
300 _a99. :
_c26 cm.
500 _aUnpublished typescript.
500 _a"The water Gipsies was first presented by Peter Saunders at the Winter Garden Theatre, London, on 31st August 1956".
500 _aBound in blue paper cover.
650 0 _aMusicals
_y20th century.
700 1 _aEllis, Vivian,
_d1904-1996.
942 _2ddc
_cBK